000 00687cam a22002171 4500
001 c 98000228
003 DLC
005 20260227111039.0
007 cr_|||||||||||
008 801211s1898 cau 000 0 eng
010 _ac 98000228
_z 22023693
040 _aDLC
_cDLC
_dDLC
050 0 0 _aPS1449.C67
_bL9
100 1 _aCrabb, William Darwin.
245 0 0 _aLyrics of the golden west.
_cBy W. D. Crabb.
260 _aSan Francisco,
_bThe Whitaker & Ray company,
_c1898.
300 _a120 p.
_c20 cm.
530 _aAlso available in digital form on the Internet Archive Web site.
651 0 _aWest (U.S.)
_xPoetry.
856 4 1 _uhttp://hdl.loc.gov/loc.gdc/scd0001.00159883504
999 _c13180
_d13180